Wacky Races Quiz Stats

 Plays Quiz Updated Feb 26, 2020

     
Support Sporcle.
Go Orange.
Score 0/11 Timer 04:00
0 Plays Today
Number Racer % Correct
05Penelope Pitstop
83%
00Dick Dastardly and Muttley
79.4%
09Peter Perfect
50.1%
07The Ant Hill Mob
46.8%
03Professor Pat Pending
33.7%
01The Slag Brothers
32.5%
02The Gruesome Twosome
19.2%
04Red Max
18.5%
10Rufus Ruffcut and Sawtooth
14.6%
08Lazy Luke and Blubber Bear
12.4%
06Sergeant Blast and Private Meekly
8.9%

From the Vault

'C' TV Character Match

by metashades

We 'c' you, awesome characters.
Remove Ads.
Support Sporcle.
Get the best of Sporcle when you Go Orange. This ad-free experience offers more features, more stats, and more fun while also helping to support Sporcle. Thank you for becoming a member.

Show Comments

Extras

Top Quizzes Today


Score Distribution

Your Account Isn't Verified!

In order to create a playlist on Sporcle, you need to verify the email address you used during registration. Go to your Sporcle Settings to finish the process.

Report this User

Report this user for behavior that violates our Community Guidelines.

Details: